The new international monetary system
Saved in:
| Main Authors: | , |
|---|---|
| Format: | Bog |
| Sprog: | engelsk |
| Udgivet: |
Nueva York
Columbia University Press
1977
|
| Fag: | |
| Tags: |
Tilføj Tag
Ingen Tags, Vær først til at tagge denne postø!
|
MARC
| LEADER | 00000nam a2200000 a 4500 | ||
|---|---|---|---|
| 001 | UCR8751 | ||
| 003 | CL-VaPUC | ||
| 005 | 20220524133117.0 | ||
| 008 | 980529e19770000us 1 eng d | ||
| 082 | 0 | 4 | |a 332.45 |b MUN |2 21 |
| 100 | |a Mundell, Robert A. |e author |9 618983 | ||
| 700 | 1 | |a Polak, Jaques J |e author |9 618984 | |
| 245 | 1 | 4 | |a The new international monetary system |
| 260 | |a Nueva York |b Columbia University Press |c 1977 | ||
| 300 | |a 244 p | ||
| 583 | |a last modification |c 19980529 00:00:00 |k Rodrigo Vera | ||
| 650 | 0 | 7 | |a SISTEMA MONETARIO INTERNACIONAL |2 CL-VaPUC |9 322730 |
| 650 | 0 | 0 | |a Finanzas internacionales |9 255570 |
| 650 | 0 | 0 | |a Comercio exterior |9 257617 |
| 650 | 0 | 7 | |a CONFERENCIAS |2 CL-VaPUC |9 618985 |
| 942 | |c BK | ||
| 945 | |a crobeson |d 19980529 00:00:00 | ||
| 546 | |a En Inglés | ||
| 518 | |p Conference on the New International Monetary System, Washington, 1976 | ||
| 999 | |c 383193 |d 383191 | ||